Agriculture in India (Record no. 5022)

MARC details
000 -LEADER
fixed length control field 00390nam a22001697a 4500
005 - DATE AND TIME OF LATEST TRANSACTION
control field 20210908130412.0
008 - FIXED-LENGTH DATA ELEMENTS--GENERAL INFORMATION
fixed length control field 160701b xxu||||| |||| 00| 0 eng d
020 ## - INTERNATIONAL STANDARD BOOK NUMBER
ISBN 81-86771-09-3
041 ## - LANGUAGE CODE
Language code of text/sound track or separate title eng
082 ## - DEWEY DECIMAL CLASSIFICATION NUMBER
Item number 20235
100 ## - MAIN ENTRY--AUTHOR NAME
Personal name Sambasiva Rao B
245 ## - TITLE STATEMENT
Title Agriculture in India
260 ## - PUBLICATION, DISTRIBUTION, ETC. (IMPRINT)
Name of publisher Serial Publication
300 ## - PHYSICAL DESCRIPTION
Number of Pages 271
650 ## - SUBJECT ADDED ENTRY--TOPICAL TERM
Topical Term Agriculture
942 ## - ADDED ENTRY ELEMENTS (KOHA)
Koha item type Books
Holdings
Lost status Damaged status Collection code Home library Current library Shelving location Date acquired Cost, normal purchase price Full call number Accession Number Koha item type
    AGRICULTURE JRU Library JRU Library SHELF - 12 - B 01/07/2016 700.00 20235 20235 Books
    AGRICULTURE JRU Library JRU Library SHELF-46-G 01/07/2016 700.00 20235 20236 Books
    AGRICULTURE JRU Library JRU Library SHELF-46-G 01/07/2016 700.00 20235 20237 Books
    AGRICULTURE JRU Library JRU Library SHELF-46-G 01/07/2016 700.00 20235 20238 Books
    AGRICULTURE JRU Library JRU Library SHELF-46-G 01/07/2016 700.00 20235 20239 Books